Auditing Basics / (Record no. 88533)
[ view plain ]
| 000 -LEADER | |
|---|---|
| fixed length control field | 00488cam a22001691 4500 |
| 008 - FIXED-LENGTH DATA ELEMENTS--GENERAL INFORMATION | |
| fixed length control field | 720217s1962 ilua b 000 0 eng |
| 010 ## - LIBRARY OF CONGRESS CONTROL NUMBER | |
| LC control number | 62020664 |
| 020 ## - INTERNATIONAL STANDARD BOOK NUMBER | |
| International Standard Book Number | 978-1-98468-912-2 |
| 050 00 - LIBRARY OF CONGRESS CALL NUMBER | |
| Classification number | HF 5667 |
| Item number | Sh21 2024 |
| 100 1# - MAIN ENTRY--PERSONAL NAME | |
| Personal name | Shao, Jianlin |
| Relator code | author. |
| 245 10 - TITLE STATEMENT | |
| Title | Auditing Basics / |
| Statement of responsibility, etc. | Jianlin Shao. |
| 250 ## - EDITION STATEMENT | |
| Edition statement | Third Edition. |
| 260 ## - PUBLICATION, DISTRIBUTION, ETC. | |
| Place of publication, distribution, etc. | New York, NY : |
| Name of publisher, distributor, etc. | 3G E-Learning |
| Date of publication, distribution, etc. | 2024 |
| 300 ## - PHYSICAL DESCRIPTION | |
| Extent | 396 pages : |
| Other physical details | some illustrations ; |
| Dimensions | 26 cm. |
| 942 ## - ADDED ENTRY ELEMENTS (KOHA) | |
| Source of classification or shelving scheme | Library of Congress Classification |
| Withdrawn status | Lost status | Source of classification or shelving scheme | Damaged status | Not for loan | Home library | Current library | Date acquired | Total Checkouts | Full call number | Barcode | Date last seen | Price effective from |
|---|---|---|---|---|---|---|---|---|---|---|---|---|
| Library of Congress Classification | Binangonan College Library | Binangonan College Library | 10/27/2025 | HF 5667 Sh21 2024 | URSBIN-03167 | 10/27/2025 | 10/27/2025 |